[Event "Tourn. n8403"]
[Site "www.chess-mail.com"]
[Date "2015.11.06"]
[Round "1"]
[White "Bojan"]
[Black "Wegaman"]
[WhiteElo "1940"]
[BlackElo "1950"]
[Result "1-0"]
[Round "1"]
1.e4 e6
2.d4 d5
3.exd5 exd5
4.Nb1c3 Ng8f6
5.h3 Bf8b4
6.Qd1e2 Bc8e6
7.Qe2b5 Nb8c6
8.Qb5xb7 Bb4xc3
9.bxc3 Be6d7
10.Qb7a6 O-O
11.Ra1b1 Rf8e8
12.Bf1e2 Nf6e4
13.Ng1f3 Ne4xc3
14.Bc1e3 Nc3xb1
15.Qa6d3 Qd8e7
16.O-O Nb1a3
17.Nf3g5 g6
18.Ng5f3 Ra8b8
19.Rf1e1 Na3c4
20.Be3f4 Bd7f5
21.Qd3c3 Qe7a3
22.Qc3a1 Bf5xc2
23.Bf4xc7 Rb8c8
24.Bc7f4 Bc2e4
25.Nf3h2 Qa3b2
26.Qa1d1 Qb2xa2
27.Nh2g4 Qa2b2
28.f3 Be4c2
29.Qd1c1 Qb2xd4
30.Kh1 Bc2f5
31.Ng4h6 Kg7
32.Nh6xf5 gxf5
33.Bf4h6 Kf6
34.Qc1g5 Ke6
35.Be2xc4 Kd6
36.Qg5g3 Kc5
37.Bc4a6 Re8xe1
38.Qg3xe1 Rc8b8
39.Bh6e3 Rb8b6
40.Be3xd4 Nc6xd4
41.Qe1c3 { resign }
1-0

[Event "Tourn. n8426"]
[Site "www.chess-mail.com"]
[Date "2015.11.06"]
[Round "1"]
[White "Iko"]
[Black "Julian"]
[WhiteElo "1710"]
[BlackElo "1770"]
[Result "0-1"]
[Round "1"]
1.e4 c5
2.Bf1c4 e6
3.Ng1f3 a6
4.O-O b5
5.Bc4d3 Bc8b7
6.Qd1e2 d6
7.Nb1c3 Nb8d7
8.b3 Bf8e7
9.a4 b4
10.Nc3a2 Ng8f6
11.Bc1b2 O-O
12.e5 dxe5
13.Nf3xe5 Nd7xe5
14.Qe2xe5 Qd8d5
15.Qe5c7 Be7d6
16.Qc7b6 Qd5xg2

0-1

[Event "Tourn. n8399"]
[Site "www.chess-mail.com"]
[Date "2015.11.06"]
[Round "1"]
[White "Pariolinius"]
[Black "Awfen"]
[WhiteElo "1940"]
[BlackElo "2000"]
[Result "0-1"]
[Round "1"]
1.e4 Nb8c6
2.Ng1f3 e5
3.c3 f5
4.d3 fxe4
5.dxe4 Ng8f6
6.Bc1g5 Bf8e7
7.Bf1c4 d5
8.exd5 Nc6a5
9.Bc4b5 c6
10.dxc6 Qd8xd1
11.Kxd1 bxc6
12.Bb5d3 Bc8g4
13.Nb1d2 O-O
14.Ke2 Ra8e8
15.Nd2e4 Nf6xe4
16.Bg5xe7 Re8xe7
17.Bd3xe4 Na5c4
18.b3 Nc4d6
19.Ke3 Nd6b5
20.c4 Nb5c3
21.h3 Nc3xe4
22.hxg4 Ne4f6
23.Rh1h4 e4
24.Nf3d4 c5
25.Nd4f5 Re7d7
26.g5 Rd7d3
27.Ke2 Nf6e8
28.Nf5e7 Kf7
29.Ne7d5 Ne8d6
30.Ra1d1 Rd3d4
31.Rh4f4 Ke8
32.Rf4xf8 Kxf8
33.Rd1d2 Kf7
34.f4 Nd6f5
35.Nd5e3 Nf5g3
36.Kd1 g6
37.Ne3c2 Rd4xd2
38.Kxd2 Ke6
39.Ke1 Kf5
40.Nc2e3 Kxf4
41.Kf2 Ng3h1
42.Ke2 Kxg5
43.Ne3f1 Kf4
44.a3 Nh1g3
45.Nf1xg3 Kxg3
46.Ke3 Kxg2
47.Kxe4 h5
48.Kf4 h4
{ resign }
0-1

[Event "Tourn. n8329"]
[Site "www.chess-mail.com"]
[Date "2015.11.06"]
[Round "1"]
[White "Seger"]
[Black "Numanoid"]
[WhiteElo "2780"]
[BlackElo "2480"]
[Result "1-0"]
[Round "1"]
1.d4 c5
2.d5 g6
3.e4 Bf8g7
4.c4 d6
5.Bf1e2 e5
6.Nb1c3 Nb8d7
7.Be2d3 Ng8e7
8.Ng1f3 O-O
9.O-O f5
10.Nf3g5 Nd7f6
11.Ra1b1 f4
12.b4 cxb4
13.Rb1xb4 b6
14.Bc1a3 h6
15.Ng5f3 Nf6d7
16.Rb4b2 Nd7c5
17.Bd3e2 Kh7
18.Nf3d2 h5
19.Ba3b4 Ne7g8
20.Bb4xc5 bxc5
21.Qd1a4 Qd8e7
22.Rf1b1 a6
23.Rb2b6 Ra8a7
24.Qa4c6 Ra7d7
25.Be2d1 Rd7d8
26.Nc3a4 Ng8f6
27.Rb6b8 Nf6d7
28.Qc6c7 Rd8e8
29.Rb8a8 Kh6
30.Na4c3 Qe7d8
31.Rb1b7 Qd8xc7
32.Rb7xc7 Rf8g8
33.Rc7c6 { resign }
1-0

[Event "Match"]
[Site "www.echecsemail.com"]
[Date "2015.11.06"]
[Round "1"]
[White "Acucar1"]
[Black "Farnation"]
[WhiteElo "1560"]
[BlackElo "1270"]
[Result "1-0"]
[Round "1"]
1.e4 e5
2.Ng1f3 Bf8c5
3.Nf3xe5 Qd8f6
4.d4 Bc5b4
5.c3 Bb4d6
6.Ne5d3 Qf6e6
7.e5 Bd6e7
8.Nd3f4 Qe6f5
9.Bf1d3 Qf5g5
10.O-O Ng8h6
11.Nf4d5 Qg5f5
12.Bd3xf5 Nh6xf5
13.Nd5xc7 Kd8
14.Nc7xa8 b5
15.Qd1d3 d6
16.Qd3xb5 Nb8d7
17.Qb5c6 Nd7b8
18.Qc6c7 Ke8
19.Qc7xc8 Be7d8
20.Na8c7 Ke7
21.Bc1g5 f6
22.Qc8e6 Kf8
23.Qe6e8 { resign }
1-0

[Event "Match"]
[Site "www.echecsemail.com"]
[Date "2015.11.06"]
[Round "1"]
[White "Carlosto"]
[Black "Daviko"]
[WhiteElo "1520"]
[BlackElo "1490"]
[Result "0-1"]
[Round "1"]
1.d4 e6
2.Nb1c3 d5
3.e4 Bf8b4
4.a3 Bb4a5
5.e5 Nb8c6
6.Bc1f4 f5
7.Ng1e2 g5
8.b4 Ba5b6
9.g3 gxf4
10.Ne2xf4 Nc6xd4
11.a4 a5
12.Qd1h5 Kd7
13.Qh5f7 Ng8e7
14.O-O-O axb4
15.Nc3b5 Ra8xa4
16.c3 Nd4xb5
{ resign }
0-1

[Event "Match"]
[Site "www.echecsemail.com"]
[Date "2015.11.06"]
[Round "1"]
[White "Darknight"]
[Black "Lino"]
[WhiteElo "1650"]
[BlackElo "1799"]
[Result "0-1"]
[Round "1"]
1.e4 c5
2.d3 e6
3.d4 cxd4
4.Qd1xd4 Nb8c6
5.Qd4d1 Ng8f6
6.f3 Bf8c5
7.Ng1e2 d5
8.a3 Qd8b6
9.Qd1d3 Bc5f2
10.Kd1 dxe4
11.fxe4 O-O
12.h3 Rf8d8
13.Qd3xd8 Qb6xd8
14.Bc1d2 Nf6xe4
15.g3 Bf2e3
16.Ne2c3 Ne4xc3
17.bxc3 b6
18.Bf1d3 Be3xd2
19.Nb1xd2 Nc6e5
20.Bd3e2 Bc8b7
21.Rh1g1 Ra8c8
22.c4 Ne5xc4
23.Be2d3 Qd8d4
24.Ke2 Qd4e3
25.Kf1 Nc4xd2

0-1

[Event "Match"]
[Site "www.echecsemail.com"]
[Date "2015.11.06"]
[Round "1"]
[White "Libiesse"]
[Black "Gmscalpel"]
[WhiteElo "2010"]
[BlackElo "2400"]
[Result "1-0"]
[Round "1"]
1.d4 d5
2.c4 dxc4
3.Ng1f3 Ng8f6
4.Nb1c3 a6
5.Qd1a4 Nb8c6
6.Qa4xc4 e6
7.Bc1g5 h6
8.Bg5h4 Bf8b4
9.a3 Bb4xc3
10.bxc3 Ra8a7
11.e4 O-O
12.e5 { resign }
1-0

[Event "Match"]
[Site "www.echecsemail.com"]
[Date "2015.11.06"]
[Round "1"]
[White "Fangshuo"]
[Black "Lino"]
[WhiteElo "2200"]
[BlackElo "2039"]
[Result "0-1"]
[Round "1"]
1.e4 c5
2.Ng1f3 Nb8c6
3.Nb1c3 Ng8f6
4.Bf1c4 e6
5.d4 cxd4
6.Nf3xd4 Bf8b4
7.Qd1d3 Nc6e5
8.Qd3e2 Qd8c7
9.Nd4b5 Qc7xc4
10.Qe2xc4 Ne5xc4
11.Nb5c7 Kd8
12.Nc7xa8 Nf6xe4
13.O-O Ne4xc3
14.bxc3 Bb4xc3
15.Ra1b1 b6
16.Rb1b3 Bc3e5
17.f4 Be5d4
18.Kh1 Bc8b7
19.Rb3b4 Bb7d5
20.Rf1d1 Bd4c5
21.Rb4a4 b5
{ resign }
0-1

[Event "Match"]
[Site "www.echecsemail.com"]
[Date "2015.11.06"]
[Round "1"]
[White "Whitekknight"]
[Black "Emerchess"]
[WhiteElo "1920"]
[BlackElo "1299"]
[Result "0-1"]
[Round "1"]
1.e4 e6
2.d4 d5
3.e5 c5
4.c3 Nb8c6
5.Ng1f3 cxd4
6.cxd4 Ng8e7
7.Bf1d3 Bc8d7
8.O-O Qd8b6
9.Bd3c2 Nc6b4
10.Bc1e3 Ne7f5
11.Bc2xf5 exf5
12.Nb1c3 Bd7e6
13.a3 Nb4c6
14.Ra1b1 Bf8e7
15.Qd1d2 O-O
16.Rf1c1 Ra8c8
17.Qd2d1 Qb6c7
18.Nc3b5 Qc7d7
19.Rc1c2 Nc6xe5
20.Nb5c3 Ne5xf3
21.Qd1xf3 Rc8c6
22.Rb1c1 Rf8c8
23.Qf3g3 Kh8
24.Be3f4 Rc6c4
25.Qg3d3 Be7f6
26.Bf4e3 Qd7d6
27.g3 Qd6d7
28.Nc3e2 Rc4xc2
29.Rc1xc2 Rc8d8
30.Ne2f4 g5
31.Nf4xe6 Qd7xe6
32.Rc2e2 Qe6d7
33.f4 gxf4
34.Be3xf4 Rd8g8
35.Re2f2 Bf6g5
36.Qd3e3 Qd7d8
37.h4 Bg5xh4
38.Kf1 Bh4g5
39.Bf4xg5 Qd8xg5
40.Qe3e5 f6
41.Qe5xf5 Qg5xg3
42.Qf5xf6 Qg3g7
43.Qf6f7 Qg7xd4
44.Qf7f6 Qd4xf6
45.Rf2xf6 Rg8c8
46.Rf6d6 Rc8c1
47.Ke2 Rc1c2
48.Kd1 Rc2xb2
49.Rd6xd5 Rb2a2
50.Rd5d7 Ra2xa3
51.Rd7xb7 h5
52.Rb7b4 Kh7
53.Kc1 Kh6
54.Kb2 Ra3a5
55.Kb3 Kg5
56.Rb4b7 Kg4
57.Kb4 Ra5a6
58.Rb7g7 Kh3
59.Kb5 Ra6a1
60.Kb4 h4
61.Kb3 Kh2
62.Rg7g4 h3
63.Kb2 Ra1a6
64.Kb3 Kh1
65.Rg4g3 h2
66.Kb2 Ra6e6
67.Kb3 Re6e1
68.Ka4 Re1g1
69.Rg3b3 Rg1a1
70.Kb5 Kg1
71.Rb3g3 Kf2
72.Rg3h3 h1Q
73.Rh3xh1 Ra1xh1
{ resign }
0-1

[Event "Match"]
[Site "www.echecsemail.com"]
[Date "2015.11.06"]
[Round "1"]
[White "Docemachess"]
[Black "Cristiano"]
[WhiteElo "1299"]
[BlackElo "2020"]
[Result "0-1"]
[Round "1"]
1.d4 Ng8f6
2.c4 g6
3.Nb1c3 Bf8g7
4.Ng1f3 d6
5.e4 O-O
6.Bf1d3 Nb8d7
7.O-O e5
8.Bc1g5 h6
9.Bg5h4 Qd8e8
10.dxe5 Nd7xe5
11.Bd3e2 Bc8e6
12.b3 a6
13.Rf1e1 Ra8d8
14.Qd1c2 g5
15.Bh4g3 Nf6d7
16.Nf3xe5 Nd7xe5
17.Ra1d1 Ne5c6
18.Be2h5 Qe8e7
19.a3 Nc6d4
20.Qc2b2 c5
21.Nc3d5 Qe7d7
22.Nd5b6 Qd7c6
23.Nb6d5 Be6xd5
24.exd5 Qc6d7
25.Qb2b1 Rd8e8
26.Re1xe8 Rf8xe8
 { time }
0-1

[Event "Match"]
[Site "www.echecsemail.com"]
[Date "2015.11.06"]
[Round "1"]
[White "Pariolinius"]
[Black "Docemachess"]
[WhiteElo "1960"]
[BlackElo "1299"]
[Result "1-0"]
[Round "1"]
1.e4 c5
2.c3 Nb8c6
3.Ng1f3 d6
4.Bf1b5 Ng8f6
5.d3 e6
6.Nb1d2 Bc8d7
7.O-O Bf8e7
8.Rf1e1 O-O
9.Nd2c4 a6
10.Bb5xc6 Bd7xc6
11.Nc4a5 Qd8xa5
12.Bc1d2 Qa5b5
13.Qd1c2 e5
14.c4 Qb5b6
15.Ra1b1 Rf8e8
16.h3 Qb6c7
17.a3 b5
18.b3 Re8b8
19.Nf3h4 Bc6d7
20.f4 exf4
21.Bd2xf4 Rb8c8
22.Nh4f5  { time }
1-0

[Event "Match"]
[Site "www.echecsemail.com"]
[Date "2015.11.06"]
[Round "1"]
[White "Docemachess"]
[Black "Guidom"]
[WhiteElo "1299"]
[BlackElo "2140"]
[Result "0-1"]
[Round "1"]
1.d4 d5
2.c4 dxc4
3.e3 Ng8f6
4.Bf1xc4 e6
5.Ng1f3 Bf8e7
6.O-O O-O
7.Nb1c3 c6
8.Rf1e1 Nf6d5
9.e4 Nd5b6
10.Bc4b3 Nb8d7
11.Bc1e3 Nd7f6
12.e5 Nf6d5
13.Ra1c1 Nd5xe3
14.Re1xe3 Nb6d5
15.Re3d3 Bc8d7
16.Nc3e4 Nd5f4
17.Rd3d2 Be7b4
18.Rd2c2 Nf4d5
19.Qd1e2 Nd5f4
20.Qe2e3 Nf4d5
21.Qe3e2 h6
22.a3 Bb4e7
23.Ne4c5 Be7xc5
24.dxc5 Qd8e7
 { time }
0-1

[Event "Match"]
[Site "www.echecsemail.com"]
[Date "2015.11.06"]
[Round "1"]
[White "Caspito"]
[Black "Docemachess"]
[WhiteElo "1770"]
[BlackElo "1299"]
[Result "1-0"]
[Round "1"]
1.e4 c5
2.b3 d6
3.d4 cxd4
4.Qd1xd4 e5
5.Bf1b5 Bc8d7
6.Qd4d5 Nb8c6
7.Ng1f3 Ng8f6
8.Qd5d1 Bf8e7
9.Bb5c4 O-O
10.O-O Bd7g4
11.Nb1d2 Nc6d4
12.c3 Nd4xf3
13.Nd2xf3 Nf6xe4
14.Bc1b2 Ne4g5
15.Bc4e2 e4
16.Nf3xg5 Bg4xe2
17.Qd1xe2 Be7xg5
18.Qe2xe4 Qd8c7
19.c4 Ra8e8
20.Qe4d4 Bg5f6
21.Qd4d2 Bf6xb2
22.Qd2xb2 Re8e5
23.Qb2d4 Rf8e8
24.Qd4xa7 Re5c5
25.Rf1e1 Rc5e5
26.Re1e3 Re5xe3
27.fxe3 h6
28.Ra1e1  { time }
1-0

[Event "Match"]
[Site "www.echecsemail.com"]
[Date "2015.11.06"]
[Round "1"]
[White "Rocio"]
[Black "Wilddog"]
[WhiteElo "1939"]
[BlackElo "1400"]
[Result "1-0"]
[Round "1"]
1.d4 d5
2.Nb1c3 Ng8f6
3.Bc1g5 h6
4.Bg5h4 Nb8c6
5.Ng1f3 e5
6.dxe5 Nf6e4
7.Bh4xd8 Kxd8
8.Nc3xe4 Bc8e6
9.e3 f5
10.Ne4c3 g5
11.Nc3xd5 g4
12.Nd5b6 Ke7
13.Nb6xa8 gxf3
14.Qd1xf3 Nc6xe5
15.Qf3xb7 Kf6
16.Qb7xc7 a6
17.Bf1xa6 Bf8b4
18.c3 Bb4e7
19.Ra1d1 Rh8xa8
20.Qc7b7 Ra8g8
21.g3 Be6xa2
22.b3 h5
23.Rd1a1 Ne5d3
24.Ba6xd3 Ba2xb3
25.Qb7xb3 Rg8g5
26.Ra1a6 Kg7
27.Qb3e6 Be7f8
28.Qe6f6 Kg8
29.Qf6xg5 { resign }
1-0

[Event "Match"]
[Site "www.echecsemail.com"]
[Date "2015.11.06"]
[Round "1"]
[White "Daviko"]
[Black "Wilddog"]
[WhiteElo "1470"]
[BlackElo "1460"]
[Result "1-0"]
[Round "1"]
1.e4 c5
2.f4 d5
3.e5 Ng8h6
4.g3 Bc8g4
5.Ng1f3 e6
6.Nb1c3 Nb8a6
7.Bf1b5 Ke7
8.h3 Bg4f5
9.Nf3g5 f6
10.g4 fxg5
11.gxf5 Nh6xf5
12.fxg5 h6
13.g6 Nf5h4
14.O-O Nh4xg6
15.Qd1f3 Ng6xe5
16.Qf3f4 Kd6
17.Rf1e1 Na6b4
18.Qf4xe5 Ke7
19.Qe5xe6 { resign }
1-0

[Event "Match"]
[Site "www.echecsemail.com"]
[Date "2015.11.06"]
[Round "1"]
[White "Docemachess"]
[Black "Chapi"]
[WhiteElo "1299"]
[BlackElo "2050"]
[Result "0-1"]
[Round "1"]
1.d4 d5
2.Ng1f3 c5
3.b3 Nb8c6
4.c3 Ng8f6
5.e3 Bc8g4
6.Bf1e2 e6
7.O-O cxd4
8.cxd4 Bf8b4
9.a3 Bb4d6
10.Nb1c3 O-O
11.h3 Bg4f5
12.Be2d3 Bf5xd3
13.Qd1xd3 e5
14.dxe5 Nc6xe5
15.Nf3xe5 Bd6xe5
16.f4 Be5xc3
17.Qd3xc3 Nf6e4
 { time }
0-1

[Event "Match"]
[Site "www.echecsemail.com"]
[Date "2015.11.06"]
[Round "1"]
[White "Fangshuo"]
[Black "Goosebumps"]
[WhiteElo "2210"]
[BlackElo "2050"]
[Result "0-1"]
[Round "1"]
1.e4 e5
2.Ng1f3 Nb8c6
3.Nb1c3 Ng8f6
4.Bf1b5 d6
5.Bb5xc6 bxc6
6.d4 exd4
7.Nf3xd4 c5
8.Nd4f3 Bc8a6
9.a3 Bf8e7
10.b4 cxb4
11.axb4 Qd8c8
12.b5 Ba6b7
13.Nc3d5 Nf6xe4
14.Nd5xe7 Kxe7
15.Qd1e2 Rh8e8
16.O-O Kf8
17.Qe2d3 Kg8
18.Ra1a4 Ne4c5
{ resign }
0-1

[Event "Match"]
[Site "www.echecsemail.com"]
[Date "2015.11.06"]
[Round "1"]
[White "Whitekknight"]
[Black "Irene"]
[WhiteElo "1910"]
[BlackElo "2010"]
[Result "0-1"]
[Round "1"]
1.e4 c5
2.Ng1f3 Nb8c6
3.d4 cxd4
4.Bf1b5 a6
5.Bb5xc6 dxc6
6.Qd1xd4 Qd8xd4
7.Nf3xd4 Ng8f6
8.Nb1c3 c5
9.Nd4f3 b5
10.e5 Nf6h5
11.Bc1e3 e6
12.O-O-O Bc8b7
13.Nf3e1 g6
14.f3 b4
15.Nc3a4 c4
16.Na4b6 Ra8d8
17.Rd1xd8 Kxd8
18.Nb6xc4 Bb7d5
19.b3 Nh5g7
20.Nc4b2 Ng7f5
21.Be3f4 Bf8c5
22.Ne1d3 Bc5e7
23.Rh1d1 Kc7
24.Bf4d2 Rh8c8
25.Nd3f4 Bd5b7
26.Nb2c4 Kb8
27.Kb2 Nf5d4
28.Nf4h3 Bb7d5
29.Nc4e3 Be7f8
30.f4 Bf8c5
31.Nh3g5 Nd4b5
32.Ne3xd5 exd5
33.Ng5xf7 Bc5d4
34.Kc1 Nb5a3
35.Rd1e1 Rc8xc2
36.Kd1 Bd4c3
37.Bd2xc3 bxc3
38.Re1e2 Rc2b2
39.e6 Rb2b1
{ resign }
0-1

[Event "Match"]
[Site "www.echecsemail.com"]
[Date "2015.11.06"]
[Round "1"]
[White "Farnation"]
[Black "Tomcapp"]
[WhiteElo "1220"]
[BlackElo "1640"]
[Result "1-0"]
[Round "1"]
1.e4 e5
2.d4 exd4
3.Qd1xd4 d6
4.Ng1f3 Nb8c6
5.Qd4d1 Ng8f6
6.e5 Nc6xe5
7.Nf3xe5 dxe5
8.Qd1e2 Bf8d6
9.c4 c5
10.g4 Bc8xg4
11.f3 Bg4f5
12.Qe2g2 Qd8a5
13.Bc1d2 Qa5a6
14.Qg2xg7 O-O-O
15.Qg7xf6 Bf5xb1
16.Ra1xb1 Qa6xa2
17.Rb1d1 Qa2xb2
18.Bd2g5 Qb2b4
19.Bg5d2 Qb4b2
20.Bf1h3 Kb8
21.Bd2g5 Qb2b4
22.Rd1d2 Qb4xc4
23.Rd2b2 Qc4c3
24.Rb2d2 Bd6c7
25.O-O Rd8xd2
26.Qf6xh8 { resign }
1-0

[Event "Match"]
[Site "www.echecsemail.com"]
[Date "2015.11.06"]
[Round "1"]
[White "Tbsundar"]
[Black "Genius7"]
[WhiteElo "2100"]
[BlackElo "1730"]
[Result "0-1"]
[Round "1"]
1.d4 Ng8f6
2.c4 e6
3.Ng1f3 d5
4.e3 c5
5.Nb1d2 Nb8c6
6.b3 cxd4
7.exd4 Bf8d6
8.Bc1b2 O-O
9.c5 Bd6c7
10.a3 e5
11.Bf1b5 e4
12.Bb5xc6 exf3
13.Bc6b5 Qd8e7
14.Kf1 fxg2
15.Kxg2 Nf6e4
16.Nd2f3 Qe7f6
17.Kf1 Bc8h3
18.Ke1 Bh3g2
19.Rh1f1 Bg2xf3
20.Bb5e2 Bf3xe2
21.Qd1xe2 Rf8e8
22.Kd1 Ne4c3
23.Bb2xc3 Re8xe2
24.Kxe2 Ra8e8
25.Kd2 Qf6f3
26.Kc2 Re8e2
27.Bc3d2 Bc7f4
28.Ra1d1 Bf4xd2
29.Rd1xd2 Re2xd2
30.Kxd2 g6
31.b4 Qf3xa3
32.b5 Qa3b2
33.Ke3 Qb2c3
{ resign }
0-1

[Event "Match"]
[Site "www.echecsemail.com"]
[Date "2015.11.06"]
[Round "1"]
[White "Carlosto"]
[Black "Wilddog"]
[WhiteElo "1520"]
[BlackElo "1450"]
[Result "1-0"]
[Round "1"]
1.d4 e6
2.e4 c5
3.Ng1f3 d5
4.Nb1c3 Nb8c6
5.Bc1e3 Ng8h6
6.dxc5 dxe4
7.Qd1xd8 Kxd8
8.Nc3xe4 Nc6b4
9.O-O-O Bc8d7
10.Nf3g5 Nb4xa2
11.Kb1 Na2b4
12.Ne4d6 b6
13.Nd6xf7 Ke7
14.Nf7xh8 Kf6
15.Ng5xh7 Ke7
16.Be3g5 Ke8
17.c3 Nb4c6
18.Bf1d3 Bf8xc5
19.Bd3g6 Nh6f7
20.Nh8xf7 Bc5e7
21.Bg5xe7 Kxe7
22.Rd1d3 Bd7e8
23.Rd3f3 Nc6a5
24.Rh1d1 Na5c6
25.Rd1d6 Ra8c8
26.Nh7g5 Be8d7
27.Rf3d3 a5
28.Rd6xd7 Kf8
29.Nf7d6 Rc8b8
30.Ng5xe6 Kg8
31.Rd3h3 Nc6e5
32.Rd7xg7 { resign }
1-0

[Event "Match"]
[Site "www.echecsemail.com"]
[Date "2015.11.06"]
[Round "1"]
[White "Azorau"]
[Black "Karlgrocer"]
[WhiteElo "1910"]
[BlackElo "1960"]
[Result "0-1"]
[Round "1"]
1.e4 c5
2.Bf1c4 Nb8c6
3.Qd1f3 e6
4.Ng1h3 Nc6e5
5.Qf3b3 Bf8e7
6.d3 a6
7.Nh3f4 b5
8.Bc4xb5 axb5
9.d4 cxd4
10.Qb3g3 Be7f6
11.O-O Ng8e7
12.Nf4d3 Ne5xd3
13.cxd3 Ne7g6
14.Qg3f3 Bc8b7
15.b4 O-O
16.Nb1d2 Ng6e5
17.Qf3f4 Ne5g6
18.Qf4g3 d5
19.Rf1e1 Bf6e5
20.Qg3g4 dxe4
21.dxe4 d3
22.Ra1b1 Ra8xa2
23.Qg4f3 Qd8d6
24.Rb1b3 Be5xh2
25.Kh1 Bh2f4
26.Nd2f1 Bf4xc1
27.Re1xc1 d2
28.Rc1d1 Ng6e5
29.Qf3e2 Ne5c4
30.Rb3d3 Qd6xb4
31.Qe2g4 Nc4e5
32.Qg4e2 Ne5xd3
33.Qe2xd3 Bb7xe4
34.Qd3e3 Be4f5
35.Rd1xd2 Ra2a1
36.Kg1 Qb4b1
37.Qe3e2 e5
38.f3 Bf5e6
39.Kf2 Be6c4
40.Qe2xe5 Qb1xf1
41.Kg3 Ra1e1
42.Qe5d4 g6
43.Rd2f2 Qf1d3
44.Qd4b2 Rf8e8
45.Rf2d2 Qd3f5
46.Rd2d4 Qf5e5
47.f4 Re1e3
48.Kh2 Qe5h5
49.Kg1 Re3e1
{ resign }
0-1

[Event "1/128 Finale"]
[Site "www.chess-mail.com"]
[Date "2015.11.06"]
[Round "1"]
[White "Jjmcbride"]
[Black "Gatrooper"]
[WhiteElo "1710"]
[BlackElo "1630"]
[Result "1-0"]
[Round "1"]
1.e4 e5
2.d4 exd4
3.Qd1xd4 d6
4.Bf1b5 Bc8d7
5.Nb1c3 c6
6.Bb5a4 h6
7.e5 dxe5
8.Qd4xe5 Ng8e7
9.Nc3e4 f6
10.Ne4d6 { resign }
1-0

[Event "1/128 Finale"]
[Site "www.chess-mail.com"]
[Date "2015.11.06"]
[Round "1"]
[White "Goosebumps"]
[Black "Takfarov"]
[WhiteElo "2129"]
[BlackElo "1619"]
[Result "1/2-1/2"]
[Round "1"]
1.d4 e6
2.e4 d5
3.Nb1d2 c5
4.c3 Nb8c6
5.Bf1b5 cxd4
6.cxd4 Bc8d7
7.Bb5xc6 Bd7xc6
8.e5 Bf8b4
9.Qd1g4 g6
10.Ng1f3 Ng8h6
11.Qg4f4 Nh6f5
12.O-O Qd8b6
13.a3 Bb4xd2
14.Qf4xd2 Ra8c8
15.Rf1d1 Bc6a4
16.Rd1e1 Rc8c4
17.b4 Nf5xd4
18.Nf3xd4 Qb6xd4
19.Qd2xd4 Rc4xd4
20.Bc1e3 Rd4c4
21.Be3xa7 O-O
22.Ra1c1 Rf8c8
{ draw }
1/2-1/2

[Event "Eq:Clubul Central de Sah-Slap Shot Mates : "]
[Site "www.chess-mail.com"]
[Date "2015.11.06"]
[Round "1"]
[White "Dorulristea"]
[Black "Hwj"]
[WhiteElo "2780"]
[BlackElo "2780"]
[Result "1/2-1/2"]
[Round "1"]
1.e4 c5
2.Ng1f3 d6
3.d4 cxd4
4.Nf3xd4 Ng8f6
5.Nb1c3 a6
6.Bc1e3 e5
7.Nd4b3 Bc8e6
8.Bf1e2 Bf8e7
9.Qd1d3 O-O
10.O-O Nb8c6
11.Rf1d1 Ra8c8
12.a3 Nc6a5
13.Nb3xa5 Qd8xa5
14.Ra1c1 h6
15.Nc3d5 Nf6xd5
16.exd5 Be6d7
17.c4 Qa5c7
18.b4 b6
19.Qd3c2 f5
20.f3 Be7g5
21.Be3xg5 hxg5
22.Be2d3 Qc7a7
23.Qc2e2 Rf8f6
24.Qe2f2 e4
25.Bd3b1 exf3
26.Qf2xf3 f4
27.Rd1e1 g4
28.Qf3f2 f3
29.Re1e7 Rc8e8
30.Re7xe8 Bd7xe8
31.Rc1e1 Be8d7
32.Re1e7 Qa7c7
33.Bb1d3 a5
34.bxa5 bxa5
35.Qf2e3 Qc7d8
36.c5 dxc5
37.Qe3xc5 Bd7f5
38.Bd3b5 Kh7
39.gxf3 gxf3
40.Kf2 Rf6d6
41.Qc5c7 Qd8xc7
42.Re7xc7 Rd6xd5
43.a4 Bf5d3
44.Bb5xd3 Rd5xd3
45.Rc7c5 Rd3a3
46.Rc5xa5 Kh6
47.h3 g5
48.Ra5a6 Kh5
49.Ra6a8 Kg6
50.Ra8g8 { draw }
1/2-1/2

[Event "Eq:Los Tercios-Clubul Central de Sah : "]
[Site "www.chess-mail.com"]
[Date "2015.11.06"]
[Round "1"]
[White "Dorulristea"]
[Black "Ericleo1980"]
[WhiteElo "2780"]
[BlackElo "2290"]
[Result "1-0"]
[Round "1"]
1.d4 d5
2.c4 c6
3.Ng1f3 Ng8f6
4.Nb1c3 e6
5.e3 Nb8d7
6.Qd1c2 Bf8d6
7.b3 O-O
8.Bf1e2 e5
9.Bc1b2 dxc4
10.bxc4 exd4
11.exd4 Rf8e8
12.O-O Nd7f8
13.h3 Qd8a5
14.c5 Bd6f4
15.Be2d3 Qa5c7
16.Rf1e1 Bc8e6
17.a3 Ra8d8
18.Ra1b1 Qc7c8
19.Bb2c1 Bf4b8
20.Bc1g5 Be6xh3
21.Re1xe8 Rd8xe8
22.Bg5xf6 Bh3xg2
23.Bd3f5 Nf8e6
24.Bf5xe6 Re8xe6
25.Nf3g5 Re6xf6
26.Qc2xh7 { resign }
1-0

[Event "Eq:Clubul Central de Sah-La Taverne : "]
[Site "www.chess-mail.com"]
[Date "2015.11.06"]
[Round "1"]
[White "Traub"]
[Black "Pispindroi"]
[WhiteElo "1800"]
[BlackElo "2620"]
[Result "0-1"]
[Round "1"]
1.e4 c5
2.Bf1c4 Nb8c6
3.Nb1c3 e6
4.f4 Ng8e7
5.d3 d5
6.exd5 exd5
7.Bc4b5 a6
8.Bb5xc6 Ne7xc6
9.Ng1f3 Bf8e7
10.O-O O-O
11.h3 Rf8e8
12.Bc1d2 b5
13.Nf3e5 Bc8b7
14.Qd1f3 Nc6d4
15.Qf3d1 c4
16.dxc4 f6
17.Ne5f3 dxc4
18.Nf3xd4 Qd8xd4
19.Kh2 Ra8d8
20.Bd2e1 { time. }
0-1

[Event "Eq:Clubul Central de Sah-Slap Shot Mates : "]
[Site "www.chess-mail.com"]
[Date "2015.11.06"]
[Round "1"]
[White "Rocadamare"]
[Black "Geodad5"]
[WhiteElo "2640"]
[BlackElo "2210"]
[Result "1-0"]
[Round "1"]
1.d4 d5
2.c4 e6
3.Nb1c3 Ng8f6
4.Bc1g5 Bf8e7
5.e3 O-O
6.Ng1f3 Nb8d7
7.Ra1c1 c6
8.Qd1c2 h6
9.Bg5h4 dxc4
10.Bf1xc4 Nd7b6
11.Bc4e2 Bc8d7
12.O-O Ra8c8
13.Bh4xf6 Be7xf6
14.Nc3e4 Qd8e7
15.Ne4xf6 Qe7xf6
16.Qc2c5 Rf8e8
17.Nf3e5 Qf6d8
18.Be2d3 Qd8e7
19.Rf1d1 Rc8d8
20.Qc5c2 Nb6d5
21.Bd3h7 Kh8
22.Bh7g6 { resign }
1-0

[Event "Fast Game"]
[Site "www.echecsemail.com"]
[Date "2015.11.06"]
[Round "1"]
[White "Nikas"]
[Black "Jhw"]
[WhiteElo "1599"]
[BlackElo "1710"]
[Result "0-1"]
[Round "1"]
1.d4 e6
2.Ng1f3 c5
3.Nb1c3 c4
4.e3 d5
5.b3 Bf8b4
6.Bc1b2 Ng8f6
7.g3 Nf6e4
8.Bf1g2 Ne4xc3
9.Qd1d2 Qd8a5
10.a3 Nc3e4
11.Qd2xb4 Qa5xb4
12.axb4 c3
13.Bb2a3 b5
14.Ba3c1 Nb8c6
15.Nf3e5 Nc6xb4
16.Ra1a5 Nb4xc2
17.Ke2 Bc8d7
18.Bg2xe4 dxe4
19.Ne5xd7 Kxd7
20.f3 exf3
21.Kxf3 a6
22.Ke2 Nc2b4
23.Bc1a3 Nb4c6
24.Ba3b4 Nc6xb4
25.Rh1f1 f6
26.Rf1f4 Rh8c8
27.d5 Nb4xd5
28.Rf4f1 Nd5b4
29.Rf1d1 Kc6
30.Rd1d4 c2
31.Ra5a1 a5
32.Kd2 e5
33.Rd4g4 g5
34.h4 Rc8d8
35.Ke2 Rd8d3
36.hxg5 Rd3xb3
37.Rg4xb4 Rb3xb4
38.gxf6 Rb4b1
{ resign }
0-1

[Event "Tourn. n8407"]
[Site "www.chess-mail.com"]
[Date "2015.11.07"]
[Round "1"]
[White "Yvan"]
[Black "Hansen"]
[WhiteElo "999"]
[BlackElo "1480"]
[Result "1-0"]
[Round "1"]
1.e4 e5
2.Ng1f3 d5
3.exd5 Qd8xd5
4.Nb1c3 Qd5e6
5.Bf1b5 c6
6.Bb5a4 e4
7.Ba4b3 Qe6e7
8.Nf3d4 g6
9.O-O Bf8g7
10.Rf1e1 f5
11.d3 Bg7xd4
12.dxe4 Qe7h4
13.Qd1xd4 Ng8f6
14.exf5 Nf6e4
15.Re1xe4 Qh4xe4
16.Qd4xe4 Kd8
17.Bc1g5 Kc7
18.Qe4e5 Kb6
19.Bg5e3 Ka6
20.Bb3c4 b5
21.Bc4xb5 Kb7
22.Be3f4 Kb6
23.Nc3a4 Ka5
24.Bf4d2 { resign }
1-0

[Event "Tourn. n8423"]
[Site "www.chess-mail.com"]
[Date "2015.11.07"]
[Round "1"]
[White "Fkarpov"]
[Black "Panham"]
[WhiteElo "2080"]
[BlackElo "2140"]
[Result "0-1"]
[Round "1"]
1.e4 e6
2.Bf1e2 d5
3.exd5 exd5
4.d3 Ng8f6
5.Bc1g5 c6
6.Ng1f3 Bf8e7
7.O-O O-O
8.Rf1e1 Bc8e6
9.Nb1c3 Nb8d7
10.d4 Qd8b6
11.Nc3a4 Qb6c7
12.Be2d3 b6
13.Nf3e5 Nd7xe5
14.dxe5 Nf6g4
15.Bg5xe7 Qc7xe7
16.h3 Ng4xf2
17.Kxf2 Qe7h4
18.Kg1 Qh4xa4
19.c3 Qa4h4
20.Qd1f3 Qh4e7
21.Qf3h5 h6
22.Re1e3 Qe7c5
23.Qh5h4 Qc5xe3
{ resign }
0-1

[Event "Tourn. n8466"]
[Site "www.chess-mail.com"]
[Date "2015.11.07"]
[Round "1"]
[White "Falcoale"]
[Black "Goosebumps"]
[WhiteElo "1890"]
[BlackElo "2020"]
[Result "0-1"]
[Round "1"]
1.e4 e5
2.Ng1f3 Nb8c6
3.Bf1c4 Nc6d4
4.Nf3xe5 Qd8g5
5.Ne5xf7 Qg5xg2
6.Rh1f1 Qg2xe4
7.Bc4e2 Nd4f3
{ resign }
0-1

[Event "Tourn. n8395"]
[Site "www.chess-mail.com"]
[Date "2015.11.07"]
[Round "1"]
[White "Ffdd65"]
[Black "Xkafi"]
[WhiteElo "2240"]
[BlackElo "2030"]
[Result "1-0"]
[Round "1"]
1.e4 e5
2.d4 exd4
3.Qd1xd4 Nb8c6
4.Qd4d1 Bf8c5
5.Ng1f3 Ng8h6
6.Bc1g5 f6
7.Bg5xh6 gxh6
8.Qd1d2 Qd8e7
9.Bf1d3 Qe7g7
10.Nf3h4 Qg7g4
11.g3 d6
12.Qd2xh6 Bc5d4
13.c3 Bd4e5
14.f4 Be5xf4
15.Qh6xf4 Nc6e5
16.Qf4xg4 Ne5xg4
17.Nb1d2 Ng4e3
18.Nd2c4 Ne3g4
19.Nh4g2 a6
20.Nc4e3 Ng4e5
21.Bd3e2 b5
22.Ne3d5 Ra8a7
23.Nd5xf6 Ke7
24.O-O Bc8h3
25.Rf1f4 Ne5g6
26.Rf4f2 Ng6e5
27.Nf6d5 Kd7
28.Nd5f4 Bh3g4
29.Be2xg4 Ne5xg4
30.Rf2e2 Ng4e5
31.Ng2e3 Ra7a8
32.Ra1f1 h5
33.Re2d2 Ra8f8
34.Rd2f2 h4
35.g4 Rh8g8
36.h3 Kc6
37.Nf4d5 Rf8xf2
38.Rf1xf2 Ne5d3
39.Rf2f7 { resign }
1-0